| 000 | 00518nam a2200181Ia 4500 | ||
|---|---|---|---|
| 003 | GCL | ||
| 008 | 140319s9999 xx 000 0 ara d | ||
| 040 |
_aGCL / _cGCL |
||
| 082 | 0 | 4 |
_a210 _bع س |
| 100 | 1 | _aعبدالبارى محمد داود | |
| 245 | 1 | 0 |
_aالسياحة فى الاسلام / _cعبدالبارى محمد داود |
| 490 |
_aكتاب _v0 |
||
| 650 | 0 | 4 | _aالاسلام |
| 650 | 0 | 4 | _aالعقائد |
| 650 | 0 | 4 | _aعبادات |
| 650 | 0 | 4 | _aالسياحة فى الاسلام |
| 942 |
_2ddc _cBK |
||
| 999 |
_c41218 _d41218 |
||